000 00767cam a2200217 i 4500
005 20260216114007.0
008 250721s2007 jo gr 000 0 ara d
082 1 4 _a610.73
_bR A J
100 1 _aAl-Rajaby، Omymah
_eAuthor.
245 1 0 _aManual Course Book For Reproductive Health Nursing /
_cOmymah AL-Rajaby,Bandary Saleem Ayesh,Radi Khashram,Muna Al-Kharabshah.
264 3 1 _aعمان :
_bالمعتز للنشرو التوزيع،
_c2007.
300 _a240 Page.
650 1 7 _aNURSING.
650 1 7 _aHEALTH SERVICE.
650 1 7 _aREPRODUCTIVE HEALTH NURSING.
700 1 _aayesh، bandary saleem
_eAuthor.
700 1 _aKhashram,Radi
_eAuthor.
700 1 _aAL-Kharabshah,Muna
_eAuthor.
942 _2ddc
_cREF
999 _c106197
_d106197